000 01749cam a22002895a 4500
001 L146048
008 081204s2008 xxk f g| 000 0 eng d
020 _a9781903307458
035 _a(Sirsi) u146048
041 0 _aeng
050 0 4 _a306.026 $2 18
100 1 _aMadge, Nic
245 0 0 _aHousing law casebook
250 _a4th ed.
260 _aLondon
_bLAG Education and Service Trust Limited
_c2008
300 _axcvi, 1091p.
_c24cm.
350 _a55
505 2 _aHuman rights and housing -- Tenancies and licences at common law -- Requirements for security of tenure -- Exceptions to security of tenure and the right to buy -- Security of tenure, restrictions, rights and obligations -- Notices -- Security of tenure, grounds for possession -- Reasonableness -- After the possession order -- Introductory and demoted tenancies -- Assured shorthold tenancies -- Tenants without security of tenure and trespassers -- Possession procedure -- Termination of tenancies at common law -- Harassment and illegal eviction -- Disrepair -- Long leases, service charges -- Mortgage possession proceedings -- Allocation and transfer -- Homelessness -- Housing outside the Housing Act, community care, Children Act and asylum support
520 _aNew edition of this comprehensive manual on housing law covers all main areas and offers up to date guidance on case history and legislation. Chapters are organised by themes and case summaries now have explanatory headnotes.
520 _aSupersedes third edition (ISBN 1903307104).
521 _aAdvanced
590 _aKA
651 4 _aEngland and Wales
_y1543-
690 _aPROPERTY-RESIDENTIAL PROPERTY-DOMESTIC RESIDENTIAL PROPERTY-HOUSING
700 1 _aSephton, Claire
942 _n0
999 _c109029
_d109029